000 01132cam a22003015i 4500
999 _c4462
_d4462
003 EG-ScBUE
005 20200108114506.0
006 m||||fq||d 00| 0
008 190725s2003 njua f b 001 0 eng d
020 _a0134553470 (paper : alk. paper)
020 _a9780134553474
040 _aEG-ScBUE
_beng
_erda
_cEG-ScBUE
_dEG-ScBUE
082 0 4 _a005.15
_bREA
_222
110 2 _aSun Technical Publications,
_eauthor.
245 1 0 _aRead me first! :
_ba style guide for the computer industry /
_cSun Technical Publications.
250 _aSecond edition
264 1 _aUpper Saddle, New Jersey :
_bPrentice Hall,
_c2003.
300 _axiv, 256 pages :
_billustrations ;
_c24 cm +
_e1 CD-ROM (4 3/4 in.)
336 _atext
_btxt
_2rdacontent
337 _aunmediated
_bn
_2rdamedia
338 _avolume
_bnc
_2rdacarrier
504 _aIncludes bibliographical references and index.
538 _aSystem requirements for accompanying computer disc: Macintosh computer, and Windows-compatible system.
650 7 _aElectronic data processing documentation.
_2BUEsh
651 _2BUEsh
653 _bCOMSCI
_cJuly2019
942 _cBB
_2ddc